[Event "Berlin Lichtenberger op 9th"]
[Site "Berlin"]
[Date "2010.08.13"]
[Round "7"]
[White "Koerner, Helmut"]
[Black "Solhdjou, Mohammed"]
[Result "0-1"]
[WhiteElo "1965"]
[BlackElo "1961"]
[PlyCount "46"]
[EventDate "2010.08.07"]
[EventType "swiss"]
[EventRounds "9"]
[EventCountry "GER"]
[SourceTitle "CBM 137 Extra"]
[Source "ChessBase"]
[SourceDate "2010.09.01"]
[SourceVersion "1"]
[SourceVersionDate "2010.09.01"]
[SourceQuality "1"]

1. b4 e5 2. Bb2 Bxb4 3. Bxe5 Nf6 4. Nf3 Nc6 5. Bb2 0-0 6. a3 Ba5 7. e3 Re8 8. Be2 d5 9. 0-0 Bg4 10. d3 Qe7 11. Nbd2 Rad8 12. h3 Bc8 13. Nb3 Bb6 14. d4 Nb8 15. a4 c6 16. Ba3 Qe6 17. Rc1 Ne4 18. c4 Qh6 19. Ne5 dxc4 20. Nxc4 Bc7 21. Bf3 Bxh3 22. gxh3 Qxh3 23. Nd6 Rxd6 0-1

[Event "Berlin Lichtenberger op 9th"]
[Site "Berlin"]
[Date "2010.08.11"]
[Round "6"]
[White "Solhdjou, Mohammed"]
[Black "Kalinitschew, Sergey"]
[Result "0-1"]
[WhiteElo "1961"]
[BlackElo "2462"]
[PlyCount "108"]
[EventDate "2010.08.07"]
[EventType "swiss"]
[EventRounds "9"]
[EventCountry "GER"]
[SourceTitle "CBM 137 Extra"]
[Source "ChessBase"]
[SourceDate "2010.09.01"]
[SourceVersion "1"]
[SourceVersionDate "2010.09.01"]
[SourceQuality "1"]

1. d4 Nf6 2. c4 c5 3. Nf3 cxd4 4. Nxd4 e6 5. g3 Nc6 6. Bg2 Bc5 7. Nb3 Be7 8. Nc3 0-0 9. 0-0 b6 10. Bf4 Bb7 11. Bd6 Ne8 12. Bxe7 Qxe7 13. Rc1 Rb8 14. Qd2 Ne5 15. Ne4 f5 16. Qg5 Qb4 17. Rfd1 Bxe4 18. Bxe4 Nf6 19. Bd3 Rbc8 20. Qd2 Qe7 21. Qe3 Neg4 22. Qd2 Qf7 23. f3 Ne5 24. Qe3 d6 25. Nd4 a6 26. b3 Rfe8 27. Nc2 Qb7 28. Ne1 Nf7 29. Ng2 g6 30. Nf4 e5 31. Nd5 Nxd5 32. cxd5 b5 33. b4 Kg7 34. Bc2 Rc4 35. Bb3 f4 36. gxf4 Rxf4 37. Rc6 Rxb4 38. Rdc1 Re7 39. Qc3 a5 40. a3 Qa7+ 41. Kg2 Rh4 42. e3 b4 43. Qe1 g5 44. a4 e4 45. f4 Qd7 46. Kh1 Qh3 47. R1c2 Qf3+ 48. Rg2 Rg4 49. Rcc2 Rxg2 50. Rxg2 Rc7 51. Qd2 Rc3 52. Bd1 Qxe3 53. Qxe3 Rxe3 54. Be2 b3 0-1